header

The student leadership challenge (Record no. 11077)

MARC details
000 -LEADER
fixed length control field 01330nam a2200361Ia 4500
082 04 - DEWEY DECIMAL CLASSIFICATION NUMBER
Classification number 378.198
100 1# - MAIN ENTRY--AUTHOR NAME
Personal name Kouzes, James M.
245 14 - TITLE STATEMENT
Title The student leadership challenge
250 ## - EDITION STATEMENT
Edition statement 3rd ed.
260 ## - PUBLICATION, DISTRIBUTION, ETC. (IMPRINT)
Place of publication Hoboken, N.J. :
Name of publisher Wiley,
Year of publication 2013.
300 ## - PHYSICAL DESCRIPTION
Number of Pages 208 p.
490 1# - SERIES STATEMENT
Series statement J-B Leadership Challenge: Kouzes/Posner
650 #0 - SUBJECT ADDED ENTRY--TOPICAL TERM
Topical Term College student government.
Topical Term Educational leadership.
700 1# - ADDED ENTRY--PERSONAL NAME
Personal name Posner, Barry Z.
Personal name High, Beth.
Personal name Morgan, Gary M.
856 40 - ELECTRONIC LOCATION AND ACCESS
Uniform Resource Identifier http://site.ebrary.com/lib/rucke/Doc?id=10690330

No items available.

© 2026 Rongo University
Contact us: librarian | system librarian | Rongo university